Superhero Starting Lineups Quiz Stats

 Plays Quiz Updated Apr 1, 2013

Also try: Superhero Debuts
Challenge
Share
Tweet
Embed
Score 0/34 Timer 06:00
3 Plays Today
Team Superhero % Correct
Justice League of America
>(The Brave and the Bold #28, 1960)
Superman (Clark Kent/Kal-El)
94.9%
Justice League of America
>(The Brave and the Bold #28, 1960)
Batman (Bruce Wayne)
94.5%
Fantastic Four
>(The Fantastic Four #1, 1961)
Thing (Ben Grimm)
87.7%
Avengers
>(The Avengers #1, 1963)
Iron Man (Tony Stark)
87.1%
Justice League of America
>(The Brave and the Bold #28, 1960)
Wonder Woman (Diana of Themyscira)
85.8%
Avengers
>(The Avengers #1, 1963)
Hulk (Bruce Banner)
85.3%
Fantastic Four
>(The Fantastic Four #1, 1961)
Mister Fantastic (Reed Richards)
82.3%
Avengers
>(The Avengers #1, 1963)
Thor (Thor Odinson)
81.7%
X-Men
>(The X-Men #1, 1963)
Cyclops (Scott Summers)
81.7%
Fantastic Four
>(The Fantastic Four #1, 1961)
Human Torch (Johnny Storm)
81.4%
Teen Titans
>(The Brave and the Bold #60, 1965)
Robin (Dick Grayson)
80.2%
X-Men
>(The X-Men #1, 1963)
Professor X (Charles Xavier)
79.6%
Justice League of America
>(The Brave and the Bold #28, 1960)
Green Lantern (Hal Jordan)
78.7%
Justice Society of America
>(All-Star Comics #3, 1940)
Green Lantern (Alan Scott)
78.5%
Justice League of America
>(The Brave and the Bold #28, 1960)
Flash (Barry Allen)
75.4%
Justice Society of America
>(All-Star Comics #3, 1940)
Flash (Jay Garrick)
75.4%
X-Men
>(The X-Men #1, 1963)
Beast (Hank McCoy)
74.8%
Team Superhero % Correct
Fantastic Four
>(The Fantastic Four #1, 1961)
Invisible Girl (Sue Storm)
68.2%
X-Men
>(The X-Men #1, 1963)
Marvel Girl (Jean Grey)
67.4%
Justice League of America
>(The Brave and the Bold #28, 1960)
Aquaman (Arthur Curry)
66.4%
X-Men
>(The X-Men #1, 1963)
Iceman (Bobby Drake)
52%
Avengers
>(The Avengers #1, 1963)
Ant-Man (Hank Pym)
50.3%
Justice League of America
>(The Brave and the Bold #28, 1960)
Martian Manhunter (J'onn J'onzz)
49.1%
X-Men
>(The X-Men #1, 1963)
Angel (Warren Worthington III)
42.9%
Avengers
>(The Avengers #1, 1963)
Wasp (Janet van Dyne)
42.6%
Justice Society of America
>(All-Star Comics #3, 1940)
Hawkman (Carter Hall)
38.1%
Teen Titans
>(The Brave and the Bold #60, 1965)
Kid Flash (Wally West)
29.4%
Teen Titans
>(The Brave and the Bold #60, 1965)
Aqualad (Garth)
27.5%
Teen Titans
>(The Brave and the Bold #60, 1965)
Wonder Girl (Donna Troy)
25.9%
Justice Society of America
>(All-Star Comics #3, 1940)
Atom (Al Pratt)
19.7%
Justice Society of America
>(All-Star Comics #3, 1940)
Doctor Fate (Kent Nelson)
18.6%
Justice Society of America
>(All-Star Comics #3, 1940)
Sandman (Wesley Dodds)
14.8%
Justice Society of America
>(All-Star Comics #3, 1940)
Hourman (Rex Tyler)
14.5%
Justice Society of America
>(All-Star Comics #3, 1940)
Spectre (Jim Corrigan)
12.5%

You're not logged in!

Compare scores with friends on all Sporcle quizzes.
Join for Free
OR
Log In

You Might Also Like...

Show Comments

Extras

Top Quizzes Today


Score Distribution

Your Account Isn't Verified!

In order to create a playlist on Sporcle, you need to verify the email address you used during registration. Go to your Sporcle Settings to finish the process.

Report this User

Report this user for behavior that violates our Community Guidelines.

Details: